La mente de los justos. Por qué la política y la religión dividen a la gente sensata.
Guardat en:
| Autor principal: | |
|---|---|
| Altres autors: | |
| Format: | Desconegut |
| Idioma: | anglès |
| Publicat: |
Barcelona, España:
Ediciones Deusto,
2020
|
| Edició: | Quinta edición. |
| Matèries: | |
| Etiquetes: |
Afegir etiqueta
Sense etiquetes, Sigues el primer a etiquetar aquest registre!
|
MARC
| LEADER | 00000 a2200000 4500 | ||
|---|---|---|---|
| 003 | CL-VaPUC | ||
| 005 | 20240528151620.0 | ||
| 008 | 220414b2020 ||||| |||| 00| 0 eng d | ||
| 999 | |c 434646 |d 434644 | ||
| 020 | |a 978-84-234-3009-3 | ||
| 040 | |c Pontificia Universidad Católica de Valparaíso | ||
| 082 | 7 | |a 201.615 HAI 2020 |2 22 | |
| 100 | |a Haidt, Jonathan |9 866778 |e autor | ||
| 245 | 1 | e | |a La mente de los justos. |b Por qué la política y la religión dividen a la gente sensata. |
| 250 | |a Quinta edición. | ||
| 260 | |a Barcelona, España: |b Ediciones Deusto, |c 2020 | ||
| 300 | |a 490 páginas | ||
| 583 | |k GC |c 20220414 | ||
| 650 | |a Psicología social |9 222894 | ||
| 650 | 0 | |a Religión y política |9 399284 | |
| 650 | |a Etica y filosofía moral |9 868531 | ||
| 700 | |a García Maldonado, Antonio |e traductor |9 868508 | ||
| 942 | |2 ddc |c BK | ||
| 952 | |0 0 |1 0 |2 ddc |4 0 |6 201_615000000000000_HAI_2020 |7 0 |8 A |9 582587 |a BIBEDU |b BIBEDU |c GEN |d 2022-04-13 |e 3 |g 19175.00 |i 5650590 |o 201.615 HAI 2020 |p 5650590 |r 2022-04-13 |t 1 |v 19175.00 |w 2022-04-13 |y BK |k FIL | ||